000 00216 a2200097 4500
001 14679
100 _aZahid Malik
245 _aQuran our Adeeb
260 _aRawalpindin
_bMatbukhat Muramat
_c
090 _c11465
_d11465
942 _aNUST-CAE
_cM
_c1631
999 _c249752
_d249752